Hùng mạnh hơn sau khủng hoảng = Why does companies emẻge stronger and better from a crisis : 7 essential lessons for surviving disaster
Sách chỉ ra những thách thức cơ bản mà tất cả các tổ chức công và tư, lợi nhuận và phi lợi nhuận, cần đối mặt và vượt qua nếu muốn tồn tại trong một thế giới nhiều biến động.
Tallennettuna:
| Päätekijä: | |
|---|---|
| Aineistotyyppi: | Kirja |
| Kieli: | Undetermined |
| Julkaistu: |
Hà Nội
Tri thức
2010
|
| Aiheet: | |
| Tagit: |
Lisää tagi
Ei tageja, Lisää ensimmäinen tagi!
|
| Thư viện lưu trữ: | Trung tâm Học liệu Trường Đại học Cần Thơ |
|---|
| LEADER | 01098nam a2200217Ia 4500 | ||
|---|---|---|---|
| 001 | CTU_153985 | ||
| 008 | 210402s9999 xx 000 0 und d | ||
| 020 | |c 54000 | ||
| 082 | |a 658.4056 | ||
| 082 | |b M679 | ||
| 100 | |a Mitroff, Ian I. | ||
| 245 | 0 | |a Hùng mạnh hơn sau khủng hoảng = | |
| 245 | 0 | |b Why does companies emẻge stronger and better from a crisis : 7 essential lessons for surviving disaster | |
| 245 | 0 | |c Ian I. Mitroff ; Thu Loan, Mai Hạnh dịch | |
| 260 | |a Hà Nội | ||
| 260 | |b Tri thức | ||
| 260 | |c 2010 | ||
| 520 | |a Sách chỉ ra những thách thức cơ bản mà tất cả các tổ chức công và tư, lợi nhuận và phi lợi nhuận, cần đối mặt và vượt qua nếu muốn tồn tại trong một thế giới nhiều biến động. | ||
| 650 | |a Crisis management,Emergency management,Leadership,Quản lý khủng hoảng,Quản lý tình trạng khẩn cấp,Lãnh đạo | ||
| 904 | |i Trọng Hải | ||
| 980 | |a Trung tâm Học liệu Trường Đại học Cần Thơ | ||